Journey Through the USA Quiz Stats

Quiz Updated Jul 10, 2017

Challenge
Share
Tweet
 photo US_zpsb6f9ea88.jpg
Score 0/48 Timer 03:00
0 Plays Today
% Correct
???
100%
???
83.9%
???
80.5%
???
73%
???
65.1%
???
60.9%
???
58.2%
???
56.4%
???
50.5%
???
49%
???
47.6%
???
47%
???
46.3%
???
45.5%
???
44.3%
???
43.8%
???
43.1%
???
40.7%
???
39.5%
???
39%
???
38.8%
???
37.9%
???
37.5%
???
37.4%
% Correct
???
36.8%
???
36.6%
???
36.1%
???
35.4%
???
34.1%
???
31.2%
???
30.1%
???
29.7%
???
29.6%
???
27.5%
???
25%
???
24%
???
23.6%
???
22.4%
???
21.7%
???
21.3%
???
20.7%
???
19.1%
???
18.2%
???
17.8%
???
16.8%
???
16.2%
???
15.2%
???
15.1%

You're not logged in!

Compare scores with friends on all Sporcle quizzes.
Sign Up with Email
OR
Log In

You Might Also Like...

Show Comments

Extras

Top Quizzes Today


Score Distribution

Your Account Isn't Verified!

In order to create a playlist on Sporcle, you need to verify the email address you used during registration. Go to your Sporcle Settings to finish the process.